00573nam a2200145Ia 4500008004100000082002100041100002500062245005400087260002200141300001100163440004800174651009300222952009500315999001700410120622s9999 xx 000 0 und d a086.1 P832m v.14 aAppendini, Guadalupe aLa vida en México en 1840 / Guadalupe Appendini aMéxico : D.D.F. a113 p. aColección popular Ciudad de México ; 14 a1. MEXICO (CIUDAD) - HISTORIA, 1840 \ 2. MEXICO (CIUDAD) - DESCRIPCION Y VIAJES, 1840Ì 00104070a01b01d2007-01-25l0o086.1 P832M V.14p01 008187r2012-06-24w2012-06-24yLB c56712d56712